00640cam a2200241 a 4500001000500000005001700005020001800022020001800040040002300058050002000081082001400101100002500115245003400140260003400174300003700208490001600245505000700261520007600268521001700344521001700361650001200378650000800390216520231108092203.0 a9780531263099 a9780531266229 aDLCcDLCdDLCbeng00aE468b.B46 201200a973.72221 aBenoit, Peterd1955-14aThe Civil War /cPeter Benoit aNew York :bScholastic,c2012 a48 pages :billustrationsc21 cm0 aA true book aT  aLearn about the bloodiest battles and darkest days in the US's history. a870 bLexile aT bRaz-Plus aHistory aWar